Margonem tytani - Statystyki

Ogólne statystyki
  • Ten quiz został rozwiązany 74 razy
  • Średni wynik to 8 z 10
Statystyki odpowiedzi
Tytan lvl % Poprawnych
Dziewicza Orlica 51m
97%
Zabójczy królik 70w
94%
Piekielny Arcymag 131m
91%
Renegat Baulus 101h
89%
Łowczyni Wspomnień 177h
83%
Maddok Magua 231h
80%
Tanroth 285w
80%
Versus Zoons 154w
77%
Przyzywacz demonów 204m
75%
Tezcatlipoca 258b
57%
Nie znaleziono quizów pasujących do podanych kryteriów
Rozkład punktacji
Procent ludzi z każdym wynikiem
Percentyl według liczby udzielonych odpowiedzi
Twoja historia wyników
Nie rozwiązałeś tego quizu